000 01365cam a2200289 i 4500
001 STB034451
003 PILC
005 20150227151618.0
008 121102s2014 maua 001 0 eng
010 _a2012033563
020 _a9780321866257
040 _aDLC
_beng
_cDLC
_erda
_dDLC
042 _apcc
050 0 0 _aQD 251.3
_b.F929 2014
100 1 _aFrost, Laura D.
245 1 0 _aGeneral, organic, and biological chemistry :
_bconcise, practical, integrated /
_cLaura Frost and Todd Deal ; with contributions by Karen C. Timberlake.
250 _a2nd ed.
260 _aBoston :
_bPearson,
_c[2014]
300 _axviii, 523 pages :
_billustrations (chiefly color) ;
_c29 cm.
500 _aIncludes index.
505 0 _aChemistry basics : matter and measurement -- Atoms and radioactivity -- Compounds : putting particles together -- Introduction to organic compounds -- Chemical reactions -- Carbohydrates : life's sweet molecules -- What's the attraction? state changes, solubility, and lipids -- Solution chemistry : how sweet is your tea? -- Acids, bases, and buffers in the body -- Proteins : workers of the cell -- Nucleic acids : big molecules with a big role -- Food as fuel : a metabolic overview.
650 0 _aChemistry
_vTextbooks.
700 1 _aDeal, Todd S.
700 1 _aTimberlake, Karen C.
740 _aChemistry.
942 _2lcc
_cBK
999 _c283641
_d283641